Estrategias para una lectura reflexiva

Gardado en:
Detalles Bibliográficos
Autor Principal: Agüera Espejo-Saavedra, Isabel (Author)
Formato: Libro
Idioma:Lingua castelá
Publicado: Madrid Narcea 1997
Edición:2a. ed
Series:Educación Hoy
Subjects:
Tags: Engadir etiqueta
Sen Etiquetas, Sexa o primeiro en etiquetar este rexistro!

MARC

LEADER 00000nam a2200000 a 4500
001 UCR6890
003 CL-VaPUC
008 980424e19970000SP |||||||||||||||||spa|d
082 0 4 |a 372.41  |b AGU  |2 21 
100 0 |a Agüera Espejo-Saavedra, Isabel  |e author  |9 408084 
245 1 0 |a Estrategias para una lectura reflexiva 
250 |a 2a. ed 
300 |a 117 p 
942 |c BK 
945 |d 19980424 00:00:00  |a rbrito 
260 |a Madrid  |b Narcea  |c 1997 
650 7 |a LECTURA COMPRENSIVA  |2 CL-VaPUC  |9 407193 
650 0 |a Enseñanza  |9 256457 
650 0 |a Cuentos infantiles  |9 308044 
650 7 |a LECTURAS PARA NIÑOS  |2 CL-VaPUC  |9 408085 
583 |a last modification  |c 19980424 00:00:00  |k Rodrigo Vera 
490 0 |a Educación Hoy 
999 |c 268783  |d 268781 
952 |0 0  |1 0  |4 0  |6 372_410000000000000_AGU_1997  |7 0  |8 A  |9 302127  |a BIBEDU  |b BIBEDU  |c ES_NOD  |d 2019-11-20  |i 3420027  |o 372.41 AGU 1997  |p 3420027  |r 2023-08-09  |w 2019-11-20  |y BK  |k BME 
952 |0 0  |1 0  |4 0  |6 372_410000000000000_AGU_1997  |7 0  |8 A  |9 302128  |a BIBEDU  |b BIBEDU  |c ES_NOD  |d 2019-11-20  |i 3485129  |o 372.41 AGU 1997  |p 3485129  |r 2023-08-09  |w 2019-11-20  |y BK  |k LIT